Accuracy and stability of numerical algorithms /

Guardado en:
Autor Principal: Higham, Nicholas J., 1961-
Formato: Libro
Idioma:English
Publicado: Philadelphia : Society for Industrial and Applied Mathematics (SIAM), c1996.
Materias:
Etiquetas: Agregar Etiqueta
Sin Etiquetas, Sea el primero en etiquetar este registro!
LEADER 00792cam a22002055a 4500
001 EIQ.libpla003100
008 950911s1996####paua#####b####001#0#eng#d
005 20071019154048.0
245 1 0 |a Accuracy and stability of numerical algorithms /  |c Nicholas J. Higham. 
260 |a Philadelphia :  |b Society for Industrial and Applied Mathematics (SIAM),  |c c1996. 
300 |a xxviii, 688 p. :  |b il. ;  |c 24 cm. 
504 |a Incluye referencias bibliográficas (p. 595-663) e índices. 
020 |a 0898713552 (pbk.) 
100 1 |a Higham, Nicholas J.,  |d 1961- 
082 0 0 |a 519.4/0285/51  |2 20 
650 4 |a Análisis numérico  |x Procesamiento de datos. 
650 0 |a Numerical analysis  |x Data processing. 
010 |a  95039903  
040 |a DLC  |c DLC  |d AR-BbSID 
859 |a AR-BbSID  |b BIB. PLAPIQUI  |h 519.4  |i H 52  |p 5176